Wszyscy kandydaci na prezydenta którzy kiedykolwiek byli w pisie - Statystyki

Ogólne statystyki
  • Ten quiz został rozwiązany 19 razy
  • Średni wynik to 7 z 12
Statystyki odpowiedzi
rok kandydowania kandydat % Poprawnych
2015,2020 Andrzej Duda
100%
2010 Jarosław Kaczyński
100%
2025 Karol Nawrocki
100%
2005 Lech Kaczyński
100%
2015* Paweł Kukiz
50%
2015,2025** Grzegorz Braun
42%
2010* Kornel Morawiecki
42%
2020,2025* Marek Jakubiak
42%
2020* Mirosław Piotrowski
33%
1995* Jan Olszewski
25%
1995** Jan Pietrzak
17%
2010 Marek Jurek
17%
Nie znaleziono quizów pasujących do podanych kryteriów
Rozkład punktacji
Procent ludzi z każdym wynikiem
Percentyl według liczby udzielonych odpowiedzi
Twoja historia wyników
Nie rozwiązałeś tego quizu